Modelovanie a návrh riadenia aktívneho pruženia automobilu

Saved in:
Bibliographic Details
Main Author: Bartalský, Lukáš, 1989- (Author)
Other Authors: Belavý, Cyril, 1957- (Thesis advisor)
Format: Manuscript Book
Language:Slovak
Published: Bratislava : STU v Bratislave SjF, 2013
Subjects:
Online Access:VAIS
Tags: Add Tag
No Tags, Be the first to tag this record!

MARC

LEADER 00000ntm a22000003a 4500
001 stu286824
005 20150617230256.2
008 140321s2013----xo------------------slo-d
040 |a STU  |b slo 
041 0 |a slo 
044 |a xo 
100 1 |a Bartalský, Lukáš,  |d 1989-  |4 aut  |u J0020  |U SjF Strojnícka fakulta  |T SjF Ústav automatizácie, merania a aplikovanej informatiky  |X 57845  |U J0020  |Y 802  |7 A000057845 
242 0 0 |a Modeling and design of active suspension control car  |y eng 
245 1 |a Modelovanie a návrh riadenia aktívneho pruženia automobilu 
260 |a Bratislava :  |b STU v Bratislave SjF,  |c 2013 
650 7 |a Automation and Informatics of Machines and Processes  |2 estusub 
650 7 |a control  |2 estusub 
650 7 |a optimalization  |2 estusub 
650 7 |a simulation  |2 estusub 
650 7 |a simulácia  |2 stusub 
650 7 |a optimalizácia  |2 stusub 
650 7 |a riadenie  |2 stusub 
650 7 |a automatizácia a informatizácia strojov a procesov  |2 stusub 
700 1 |a Belavý, Cyril,  |d 1957-  |4 ths  |u J0020  |U SjF Strojnícka fakulta  |T SjF Ústav automatizácie, merania a aplikovanej informatiky  |X 2440  |U J0020  |Y 802  |7 A000002440 
856 4 |a info a plný text  |u http://is.stuba.sk/zp/portal_zp.pl?podrobnosti=94957  |3 VAIS